000 00295nam a22001337a 4500
008 180224b xxu||||| |||| 00| 0 eng d
020 _a573870001
041 _aeng
080 _a612.39
100 _a10
101 _aSHU
245 _aTropical & Subtropical Fruits
_cNagy, S
942 _2udc
_cBK
999 _c43348
_d43348